[Event "Irish New Year-IM 2022"]
[Site "Dublin"]
[Date "2022.01.03"]
[Round "3.7"]
[White "O`Donnell, Conor"]
[Black "Urh, Zala"]
[Result "1/2-1/2"]
[WhiteElo "2310"]
[BlackElo "2291"]
[Annotator "ChessBase"]
[PlyCount "23"]
[EventDate "2022.01.02"]
[EventType "tourn"]
[EventCountry "IRL"]
[SourceTitle "playchess.com"]
[Source "ChessBase"]
[SourceQuality "1"]
[TimeControl "5400+30"]

1. e4 {[%emt 0:00:05]} c5 {[%emt 0:00:38]} 2. Nf3 {[%emt 0:00:55]} Nc6 {[%emt 0:00:19]} 3. d4 {[%emt 0:00:43]} cxd4 {[%emt 0:00:09]} 4. Nxd4 {[%emt 0:00:11]} Nf6 {[%emt 0:00:10]} 5. Nc3 {[%emt 0:00:30]} e5 {[%emt 0:00:06]} 6. Ndb5 {[%emt 0:00:28]} d6 {[%emt 0:00:12]} 7. Bg5 {[%emt 0:02:42]} a6 {[%emt 0:00:29]} 8. Na3 {[%emt 0:00:11]} b5 {[%emt 0:00:30]} 9. Nd5 {[%emt 0:00:31]} Be7 {[%emt 0:01:34]} 10. Bxf6 {[%emt 0:00:16]} Bxf6 {[%emt 0:00:08]} 11. c3 {[%emt 0:01:15]} Ne7 {[%emt 0:06:46]} 12. Nc2 {[%emt 0:07:30]} 1/2-1/2

[Event "Irish New Year-IM 2022"]
[Site "Dublin"]
[Date "2022.01.03"]
[Round "3.8"]
[White "Wall, Tim P"]
[Black "Daly, Colm"]
[Result "1-0"]
[WhiteElo "2256"]
[BlackElo "2285"]
[Annotator "ChessBase"]
[PlyCount "65"]
[EventDate "2022.01.02"]
[EventType "tourn"]
[EventCountry "IRL"]
[SourceTitle "playchess.com"]
[Source "ChessBase"]
[SourceQuality "1"]
[TimeControl "5400+30"]

1. d4 {[%emt 0:00:05]} e6 {[%emt 0:10:15]} 2. e4 {[%emt 0:00:17]} d5 {[%emt 0:00:07]} 3. e5 {[%emt 0:00:42]} c5 {[%emt 0:00:08]} 4. c3 {[%emt 0:00:07]} Ne7 {[%emt 0:00:09]} 5. Na3 {[%emt 0:02:11]} Nec6 {[%emt 0:00:33]} 6. Nc2 {[%emt 0:01:08]} Nd7 {[%emt 0:00:19]} 7. f4 {[%emt 0:01:22]} cxd4 {[%emt 0:01:10]} 8. cxd4 {[%emt 0:03:44]} h5 {[%emt 0:01:20]} 9. Nf3 {[%emt 0:01:30]} Be7 {[%emt 0:00:10]} 10. Bd3 {[%emt 0:02:26]} Nb6 {[%emt 0:01:20]} 11. O-O {[%emt 0:04:17]} g6 {[%emt 0:00:12]} 12. Qe1 {[%emt 0:06:13]} a5 {[%emt 0:00:37]} 13. a4 {[%emt 0:07:05]} Bd7 {[%emt 0:03:37]} 14. b3 {[%emt 0:05:26]} Kf8 {[%emt 0:01:02]} 15. Ba3 {[%emt 0:01:36]} Kg7 {[%emt 0:00:27]} 16. Ng5 {[%emt 0:09:25]} Nc8 {[%emt 0:06:31]} 17. Qg3 {[%emt 0:05:12]} Qe8 {[%emt 0:16:17]} 18. f5 {[%emt 0:06:14]} exf5 {[%emt 0:00:27]} 19. Bxf5 {[%emt 0:01:16]} Bxf5 {[%emt 0:14:55]} 20. Rxf5 {[%emt 0:00:35]} Bxg5 {[%emt 0:07:15]} 21. Qxg5 {[%emt 0:00:46]} Nd8 {[%emt 0:03:52]} 22. Raf1 {[%emt 0:02:55]} Ra6 {[%emt 0:03:40]} 23. Ne3 {[%emt 0:06:11]} Qd7 {[%emt 0:00:19]} 24. Rf6 {[%emt 0:05:07]} Rxf6 {[%emt 0:05:43]} 25. Rxf6 {[%emt 0:09:40]} Rh7 {[%emt 0:12:55]} 26. Nf5+ {[%emt 0:07:50]} Kh8 {[%emt 0:00:54]} 27. Qxg6 {[%emt 0:06:09]} Ne6 {[%emt 0:05:19]} 28. Qg3 {[%emt 0:00:12]} Qc6 {[%emt 0:00:41]} 29. Nh6 {[%emt 0:01:56]} Qe8 {[%emt 0:02:00]} 30. Qf2 {[%emt 0:00:33]} Ng5 {[%emt 0:00:10]} 31. Qf5 {[%emt 0:01:12]} Rg7 {[%emt 0:02:14]} 32. h4 {[%emt 0:00:27]} Ne4 {[%emt 0:00:49]} 33. Nxf7+ {[%emt 0:00:26]} 1-0

[Event "Irish New Year-IM 2022"]
[Site "Dublin"]
[Date "2022.01.03"]
[Round "3.9"]
[White "Mannion, Stephen R"]
[Black "Melaugh, Shane"]
[Result "1-0"]
[WhiteElo "2267"]
[BlackElo "2192"]
[Annotator "ChessBase"]
[PlyCount "69"]
[EventDate "2022.01.02"]
[EventType "tourn"]
[EventCountry "IRL"]
[SourceTitle "playchess.com"]
[Source "ChessBase"]
[SourceQuality "1"]
[TimeControl "5400+30"]

1. e4 {[%emt 0:00:02]} d6 {[%emt 0:00:05]} 2. d4 {[%emt 0:00:06]} Nf6 {[%emt 0:00:03]} 3. Nc3 {[%emt 0:00:06]} Nbd7 {[%emt 0:00:02]} 4. Nf3 {[%emt 0:00:14]} e5 {[%emt 0:00:05]} 5. Bc4 {[%emt 0:00:15]} Be7 {[%emt 0:00:07]} 6. O-O {[%emt 0:00:19]} c6 {[%emt 0:00:03]} 7. a4 {[%emt 0:00:14]} h6 {[%emt 0:00:05]} 8. a5 {[%emt 0:00:41]} Qc7 {[%emt 0:00:04]} 9. Qe2 {[%emt 0:00:42]} Nf8 {[%emt 0:00:06]} 10. d5 {[%emt 0:00:58]} Ng6 {[%emt 0:03:02]} 11. Bb3 {[%emt 0:00:59]} O-O {[%emt 0:06:46]} 12. a6 {[%emt 0:01:59]} bxa6 {[%emt 0:00:31]} 13. dxc6 {[%emt 0:01:08]} Qxc6 {[%emt 0:00:51]} 14. Nd5 {[%emt 0:00:59]} Bb7 {[%emt 0:00:32]} 15. Nh4 {[%emt 0:10:34]} Qd7 {[%emt 0:14:03]} 16. Nxg6 {[%emt 0:05:28]} Bxd5 {[%emt 0:00:17]} 17. Nxe7+ {[%emt 0:00:28]} Qxe7 {[%emt 0:00:06]} 18. Bxd5 {[%emt 0:00:16]} Nxd5 {[%emt 0:00:06]} 19. exd5 {[%emt 0:00:05]} f5 {[%emt 0:00:03]} 20. Rxa6 {[%emt 0:03:58]} f4 {[%emt 0:00:08]} 21. f3 {[%emt 0:00:31]} Rf5 {[%emt 0:00:10]} 22. c4 {[%emt 0:01:06]} Rh5 {[%emt 0:00:07]} 23. Qf2 {[%emt 0:04:23]} Rf8 {[%emt 0:00:21]} 24. Rxa7 {[%emt 0:00:40]} Qg5 {[%emt 0:00:10]} 25. b4 {[%emt 0:05:06]} Qf5 {[%emt 0:00:04]} 26. c5 {[%emt 0:02:25]} Qd3 {[%emt 0:00:13]} 27. cxd6 {[%emt 0:01:46]} Qxd5 {[%emt 0:00:04]} 28. Qc5 {[%emt 0:01:11]} Qd3 {[%emt 0:00:30]} 29. Ra3 {[%emt 0:03:25]} Qg6 {[%emt 0:00:15]} 30. Qd5+ {[%emt 0:01:27]} Kh8 {[%emt 0:00:12]} 31. Ra8 {[%emt 0:02:54]} Rxa8 {[%emt 0:00:35]} 32. Qxa8+ {[%emt 0:00:06]} Kh7 {[%emt 0:00:02]} 33. d7 {[%emt 0:02:26]} Qb6+ {[%emt 0:00:36]} 34. Kh1 {[%emt 0:00:52]} Qb5 {[%emt 0:00:21]} 35. Rd1 {[%emt 0:01:02]} 1-0

[Event "Irish New Year-IM 2022"]
[Site "Dublin"]
[Date "2022.01.04"]
[Round "4.6"]
[White "Baker, Chris W"]
[Black "Carroll, Peter"]
[Result "1-0"]
[WhiteElo "2227"]
[BlackElo "2139"]
[Annotator "ChessBase"]
[PlyCount "81"]
[EventDate "2022.01.02"]
[EventType "tourn"]
[EventCountry "IRL"]
[SourceTitle "playchess.com"]
[Source "ChessBase"]
[SourceQuality "1"]
[TimeControl "5400+30"]

1. d4 {[%emt 0:00:04]} Nf6 {[%emt 0:01:44]} 2. Nf3 {[%emt 0:00:22]} e6 {[%emt 0:00:08]} 3. g3 {[%emt 0:02:32]} b6 {[%emt 0:00:10]} 4. Bg2 {[%emt 0:00:49]} Bb7 {[%emt 0:00:07]} 5. O-O {[%emt 0:00:34]} Be7 {[%emt 0:00:06]} 6. b3 {[%emt 0:04:58]} O-O {[%emt 0:00:15]} 7. Bb2 {[%emt 0:00:35]} c5 {[%emt 0:03:47]} 8. c4 {[%emt 0:06:34]} d5 {[%emt 0:01:38]} 9. cxd5 {[%emt 0:03:55]} Nxd5 {[%emt 0:02:08]} 10. dxc5 {[%emt 0:00:36]} Bxc5 {[%emt 0:00:07]} 11. Nbd2 {[%emt 0:03:29]} Nd7 {[%emt 0:02:19]} 12. Rc1 {[%emt 0:05:08]} Rc8 {[%emt 0:12:47]} 13. a3 {[%emt 0:06:51]} a5 {[%emt 0:08:27]} 14. Nc4 {[%emt 0:03:13]} Qe7 {[%emt 0:02:10]} 15. Qd3 {[%emt 0:04:56]} Rfd8 {[%emt 0:13:48]} 16. Qb1 {[%emt 0:01:55]} Nb8 {[%emt 0:16:46]} 17. h4 {[%emt 0:04:34]} h6 {[%emt 0:02:05]} 18. Qa1 {[%emt 0:11:30]} Nf6 {[%emt 0:00:29]} 19. Bh3 {[%emt 0:05:59]} Nc6 {[%emt 0:07:14]} 20. Kh2 {[%emt 0:03:06]} b5 {[%emt 0:04:06]} 21. Ncd2 {[%emt 0:04:34]} Bb6 {[%emt 0:01:38]} 22. Bxf6 {[%emt 0:04:01]} gxf6 {[%emt 0:02:17]} 23. Ne4 {[%emt 0:04:15]} Nd4 {[%emt 0:02:00]} 24. Rxc8 {[%emt 0:01:03]} Bxc8 {[%emt 0:01:18]} 25. Nxd4 {[%emt 0:01:26]} Bxd4 {[%emt 0:00:08]} 26. Qc1 {[%emt 0:02:20]} Bb7 {[%emt 0:03:56]} 27. Bg2 {[%emt 0:00:43]} Kg7 {[%emt 0:01:00]} 28. e3 {[%emt 0:00:46]} Bb6 {[%emt 0:01:20]} 29. Qb2 {[%emt 0:01:04]} Bd5 {[%emt 0:00:57]} 30. Rc1 {[%emt 0:02:17]} Rd7 {[%emt 0:04:31]} 31. Rc8 {[%emt 0:01:51]} Bb7 {[%emt 0:01:28]} 32. Nxf6 {[%emt 0:01:18]} Bd4 {[%emt 0:02:26]} 33. Nh5+ {[%emt 0:02:13]} Kg6 {[%emt 0:02:21]} 34. Qc2+ {[%emt 0:00:35]} Kxh5 {[%emt 0:00:21]} 35. Bxb7 {[%emt 0:01:49]} Rxb7 {[%emt 0:00:06]} 36. Qe2+ {[%emt 0:00:26]} Kg6 {[%emt 0:00:06]} 37. Qg4+ {[%emt 0:00:13]} Kf6 {[%emt 0:00:05]} 38. Qf4+ {[%emt 0:01:34]} Kg7 {[%emt 0:00:10]} 39. Qxd4+ {[%emt 0:00:07]} e5 {[%emt 0:00:38]} 40. Qg4+ {[%emt 0:00:12]} Kf6 {[%emt 0:00:04]} 41. Rc6+ {[%emt 0:00:12]} 1-0

[Event "Irish New Year-IM 2022"]
[Site "Dublin"]
[Date "2022.01.04"]
[Round "4.8"]
[White "Daly, Colm"]
[Black "Mannion, Stephen R"]
[Result "1-0"]
[WhiteElo "2285"]
[BlackElo "2267"]
[Annotator "ChessBase"]
[PlyCount "105"]
[EventDate "2022.01.02"]
[EventType "tourn"]
[EventCountry "IRL"]
[SourceTitle "playchess.com"]
[Source "ChessBase"]
[SourceQuality "1"]
[TimeControl "5400+30"]

1. Nf3 {[%emt 0:16:50]} d5 {[%emt 0:00:11]} 2. g3 {[%emt 0:00:06]} Nf6 {[%emt 0:00:11]} 3. Bg2 {[%emt 0:00:06]} c6 {[%emt 0:00:12]} 4. O-O {[%emt 0:00:09]} Bf5 {[%emt 0:00:13]} 5. b3 {[%emt 0:00:06]} e6 {[%emt 0:00:38]} 6. Bb2 {[%emt 0:00:08]} h6 {[%emt 0:00:11]} 7. c4 {[%emt 0:00:08]} Be7 {[%emt 0:00:33]} 8. d3 {[%emt 0:00:07]} O-O {[%emt 0:00:29]} 9. Nbd2 {[%emt 0:00:04]} Nbd7 {[%emt 0:01:22]} 10. a3 {[%emt 0:00:15]} a5 {[%emt 0:00:11]} 11. Ra2 {[%emt 0:00:05]} Bh7 {[%emt 0:03:22]} 12. Qa1 {[%emt 0:00:06]} Re8 {[%emt 0:08:01]} 13. Ne5 {[%emt 0:05:21]} Nxe5 {[%emt 0:00:40]} 14. Bxe5 {[%emt 0:00:05]} Bd6 {[%emt 0:00:29]} 15. Rc1 {[%emt 0:07:00]} Bxe5 {[%emt 0:06:31]} 16. Qxe5 {[%emt 0:00:06]} Qb6 {[%emt 0:13:45]} 17. h3 {[%emt 0:28:01]} c5 {[%emt 0:15:21]} 18. Qa1 {[%emt 0:03:05]} d4 {[%emt 0:19:17]} 19. b4 {[%emt 0:00:50]} axb4 {[%emt 0:10:07]} 20. Rb1 {[%emt 0:00:16]} Ra4 {[%emt 0:12:51]} 21. axb4 {[%emt 0:01:32]} Rxb4 {[%emt 0:00:06]} 22. Rab2 {[%emt 0:03:49]} Rxb2 {[%emt 0:01:49]} 23. Rxb2 {[%emt 0:00:08]} Qa6 {[%emt 0:00:13]} 24. Qxa6 {[%emt 0:04:39]} bxa6 {[%emt 0:00:02]} 25. Rb6 {[%emt 0:00:12]} Kf8 {[%emt 0:01:19]} 26. Bc6 {[%emt 0:00:42]} Rc8 {[%emt 0:00:21]} 27. Nb3 {[%emt 0:00:58]} Ke7 {[%emt 0:00:54]} 28. Rxa6 {[%emt 0:02:32]} Nd7 {[%emt 0:02:52]} 29. Bxd7 {[%emt 0:00:42]} Kxd7 {[%emt 0:00:01]} 30. Ra7+ {[%emt 0:00:10]} Ke8 {[%emt 0:02:15]} 31. Ra5 {[%emt 0:00:09]} Rb8 {[%emt 0:00:21]} 32. Nxc5 {[%emt 0:00:12]} Rb2 {[%emt 0:00:20]} 33. Kf1 {[%emt 0:01:51]} h5 {[%emt 0:00:07]} 34. f3 {[%emt 0:01:13]} Bf5 {[%emt 0:00:14]} 35. g4 {[%emt 0:00:13]} hxg4 {[%emt 0:00:03]} 36. hxg4 {[%emt 0:00:07]} Bg6 {[%emt 0:00:05]} 37. Rb5 {[%emt 0:01:34]} Rxb5 {[%emt 0:02:47]} 38. cxb5 {[%emt 0:00:08]} Ke7 {[%emt 0:00:11]} 39. b6 {[%emt 0:01:42]} Kd6 {[%emt 0:00:01]} 40. Kf2 {[%emt 0:01:44]} e5 {[%emt 0:00:47]} 41. b7 {[%emt 0:00:17]} Kc7 {[%emt 0:00:01]} 42. Nd7 {[%emt 0:00:42]} Kxb7 {[%emt 0:00:25]} 43. Nxe5 {[%emt 0:00:06]} Bh7 {[%emt 0:01:34]} 44. Nxf7 {[%emt 0:00:11]} Kc7 {[%emt 0:00:05]} 45. f4 {[%emt 0:00:12]} Bg8 {[%emt 0:00:08]} 46. Ne5 {[%emt 0:01:04]} Kd6 {[%emt 0:00:04]} 47. Nf3 {[%emt 0:00:20]} Kd5 {[%emt 0:00:10]} 48. Kg3 {[%emt 0:00:07]} Be6 {[%emt 0:00:45]} 49. f5 {[%emt 0:00:20]} Bd7 {[%emt 0:00:09]} 50. Kf4 {[%emt 0:00:06]} Ba4 {[%emt 0:00:36]} 51. g5 {[%emt 0:01:20]} Bd1 {[%emt 0:00:58]} 52. Ng1 {[%emt 0:00:58]} Bb3 {[%emt 0:00:37]} 53. g6 {[%emt 0:00:36]} 1-0

[Event "Irish New Year-IM 2022"]
[Site "Dublin"]
[Date "2022.01.04"]
[Round "4.9"]
[White "Urh, Zala"]
[Black "Wall, Tim P"]
[Result "1-0"]
[WhiteElo "2291"]
[BlackElo "2256"]
[Annotator "TA"]
[PlyCount "123"]
[EventDate "2022.01.02"]
[EventType "tourn"]
[EventCountry "IRL"]
[SourceTitle "playchess.com"]
[Source "ChessBase"]
[SourceQuality "1"]

{[%evp 19,123,13,36,33,62,31,38,0,28,30,30,29,52,40,45,-2,-10,0,52,37,119,106,191,181,220,143,151,116,127,127,118,114,113,114,147,137,136,127,117,83,278,248,247,106,75,72,1361,1319,1357,1347,29984,29985,29994,316,316,316,304,0,0,0,0,0,0,0,0,0,0,0,50,0,0,0,41,0,0,0,0,0,0,0,0,0,29,31,280,386,386,32,32,45,141,32,32,8,8,8,5506,4133,6099,5422,29987,29988,29988,29989,29990,29991]} 1. d4 d6 2. Nf3 Nf6 3. c4 Nbd7 4. g3 e5 5. Bg2 c6 6. O-O Be7 7. Nc3 O-O 8. e4 a6 9. Qc2 Re8 10. h3 {has lost popularity (10.Rd1).} Bf8 11. Be3 {A55: Old Indian Defence with Nf3 and e4.} Qc7 12. Rfe1 {[#]} b5 $146 ({Predecessor:} 12... exd4 13. Nxd4 g6 14. Rad1 a5 15. b3 Nc5 16. f4 Bd7 17. Bf2 Rad8 18. Nf3 Bc8 {1-0 (79) Frischmann,R (2302)-Schulz,K (2274) Apolda 2017}) 13. Rad1 {White is slightly better.} b4 (13... Bb7 {is interesting.} 14. cxb5 cxb5 15. Qb3 exd4 16. Bxd4 Nc5) 14. Ne2 c5 15. d5 g6 16. Nd2 Bg7 17. f4 (17. b3 $14) 17... exf4 $1 $11 18. gxf4 Rb8 (18... Nh5 $11) 19. Ng3 $14 Qb6 ({Black should play} 19... Nf8 $14) 20. b3 $1 $16 h5 (20... Bb7 $16) 21. Nf3 $18 Nh7 22. Re2 Qd8 23. Rde1 {[%cal Oe4e5]} h4 24. Nf1 Ndf6 25. Bf2 (25. Nxh4 Nh5 26. Nf3 Rxe4 $1 $17) 25... Nh5 26. Bxh4 Bf6 27. Bxf6 Qxf6 28. e5 Qxf4 {[%cal Oc8h3]} 29. e6 {Black must now prevent exf7+.} Kg7 (29... f5 $16 {might work better.}) 30. Rf2 Qh6 {[%cal Rf7e6]} 31. Ne3 (31. exf7 Rxe1 32. Nxe1 Bf5 $11) (31. Qb2+ $1 $18 {and the rest is easy.} f6 32. N3d2) 31... N5f6 $16 32. Qb2 {White is much more active. Black has bad knights.} Kg8 $2 {[%mdl 8192]} (32... fxe6 $16 33. Ng4 Qh5) 33. Ng4 $18 Qg7 34. exf7+ Kxf7 {[#]} 35. Ng5+ $1 {[%mdl 512]} Kg8 (35... Nxg5 36. Nh6+) 36. Ne6 $2 (36. Rxe8+ {mates} Qf8 37. Nxf6+ Nxf6 38. Rxf8+ Kxf8 39. Qxf6+ Ke8 40. Qh8+ Ke7 41. Rf7#) 36... Bxe6 37. Nxf6+ (37. Rxe6 Nxg4 38. hxg4 Rxe6 39. Qxg7+ (39. dxe6 Ng5 $11) 39... Kxg7 $11) 37... Nxf6 38. Qxf6 (38. Rxe6 Rxe6 39. dxe6 Rf8 $16) (38. dxe6 $18 Nh5 39. Qxg7+ Nxg7 40. Rf6 (40. e7 Nf5 $16)) 38... Bf5 $36 {[%mdl 2048] Black has the initiative.} 39. Rxe8+ Rxe8 40. Qxd6 Qd4 {Threatens to win with ...Re1+.} 41. Qg3 Re1+ 42. Kh2 Re3 43. Bf3 Kg7 ({Black should try} 43... Rd3 $11) 44. Qc7+ (44. h4 $14) 44... Kh6 45. Qg3 Rd3 (45... Kg7 $11) 46. Rg2 (46. h4 $14 {was preferrable.}) 46... Kg7 47. Qc7+ Kh6 48. Qg3 Kg7 49. h4 Qe3 50. Bg4 Qxg3+ (50... Qd4 {is more complex.} 51. Bf3) 51. Rxg3 Rxg3 $2 (51... Rd2+ $14 52. Kh3 Be4) 52. Kxg3 {[%mdl 4096] Endgame White wants to mate with Bxf5. KB-KB} Bb1 {[#]} 53. Bd1 $2 (53. d6 Kf6 $11) (53. Bd7 $1 $18) 53... Kf6 54. Kf4 Bxa2 ({Better is} 54... a5 $1 $14) 55. Bc2 $16 a5 $1 56. d6 {[%cal Bd5d6,Bd6d7][%mdl 32] Hoping for d7.} (56. Ke3 $5 {[%cal Rd5d6]}) 56... a4 $1 (56... Ke6 $2 57. Bxg6 (57. Kg5 Kxd6 58. Kf6 Kc7 $11) 57... Kxd6 58. h5 $18 (58. Bc2 a4 $11)) 57. bxa4 {[%cal Oc2g6]} Bxc4 $2 {[%mdl 8192] [#]} (57... Ke6 $2 58. Bxg6 b3 59. a5 Kxd6 60. Be4 $18 (60. a6 Kc6 $11)) (57... b3 $11 58. d7 Ke7 59. Bxg6 b2) 58. Bxg6 $1 $18 {[%mdl 512] And now d7 would win.} b3 (58... Ke6 59. h5) 59. h5 {[%cal Bh4h5,Bh5h6,Bh6h7][%mdl 32] aiming for a5.} Be2 60. d7 {White mates.} Ke7 61. h6 c4 62. h7 {Weighted Error Value: White=0.40/Black=0.49} 1-0

[Event "Irish New Year-IM 2022"]
[Site "Dublin"]
[Date "2022.01.04"]
[Round "4.10"]
[White "Wafa, Shrook"]
[Black "O`Donnell, Conor"]
[Result "1/2-1/2"]
[WhiteElo "2173"]
[BlackElo "2310"]
[Annotator "ChessBase"]
[PlyCount "100"]
[EventDate "2022.01.02"]
[EventType "tourn"]
[EventCountry "IRL"]
[SourceTitle "playchess.com"]
[Source "ChessBase"]
[SourceQuality "1"]
[TimeControl "5400+30"]

1. e4 {[%emt 0:00:04]} e6 {[%emt 0:00:18]} 2. d4 {[%emt 0:00:12]} d5 {[%emt 0:00:10]} 3. Nc3 {[%emt 0:00:11]} Bb4 {[%emt 0:00:53]} 4. Nge2 {[%emt 0:00:25]} dxe4 {[%emt 0:00:54]} 5. a3 {[%emt 0:00:12]} Bxc3+ {[%emt 0:01:43]} 6. Nxc3 {[%emt 0:00:11]} Nc6 {[%emt 0:00:13]} 7. Bb5 {[%emt 0:00:43]} Nge7 {[%emt 0:00:33]} 8. Nxe4 {[%emt 0:01:11]} O-O {[%emt 0:00:42]} 9. Bxc6 {[%emt 0:03:56]} Nxc6 {[%emt 0:00:12]} 10. c3 {[%emt 0:00:38]} e5 {[%emt 0:01:15]} 11. d5 {[%emt 0:03:35]} Ne7 {[%emt 0:00:05]} 12. c4 {[%emt 1:25:12]} f5 {[%emt 0:01:19]} 13. Nc3 {[%emt 0:00:00]} f4 {[%emt 0:00:26]} 14. Qe2 {[%emt 0:00:00]} Nf5 {[%emt 0:03:41]} 15. O-O {[%emt 0:00:00]} Qe7 {[%emt 0:16:48]} 16. Re1 {[%emt 0:00:00]} Nd4 {[%emt 0:03:12]} 17. Qxe5 {[%emt 0:00:00]} Qxe5 {[%emt 0:00:46]} 18. Rxe5 {[%emt 0:00:00]} Nb3 {[%emt 0:01:15]} 19. Rb1 {[%emt 0:00:00]} Bf5 {[%emt 0:01:34]} 20. Rxf5 {[%emt 0:00:00]} Rxf5 {[%emt 0:00:24]} 21. f3 {[%emt 0:00:00]} g5 {[%emt 0:05:44]} 22. Ne4 {[%emt 0:00:00]} Re5 {[%emt 0:03:35]} 23. g3 {[%emt 0:00:00]} Rxe4 {[%emt 0:09:15]} 24. fxe4 {[%emt 0:00:00]} Re8 {[%emt 0:00:16]} 25. gxf4 {[%emt 0:00:00]} Rxe4 {[%emt 0:01:29]} 26. fxg5 {[%emt 0:00:00]} Re1+ {[%emt 0:00:15]} 27. Kf2 {[%emt 0:00:00]} Rxc1 {[%emt 0:01:42]} 28. Rxc1 {[%emt 0:00:00]} Nxc1 {[%emt 0:00:07]} 29. Ke3 {[%emt 0:00:00]} Nb3 {[%emt 0:01:47]} 30. h4 {[%emt 0:00:00]} a5 {[%emt 0:04:19]} 31. h5 {[%emt 0:00:00]} a4 {[%emt 0:01:49]} 32. Kd3 {[%emt 0:00:00]} Nc5+ {[%emt 0:01:57]} 33. Kc3 {[%emt 0:00:00]} Ne4+ {[%emt 0:04:41]} 34. Kb4 {[%emt 0:00:00]} Nxg5 {[%emt 0:00:10]} 35. Kxa4 {[%emt 0:00:00]} Kf7 {[%emt 0:03:00]} 36. Kb5 {[%emt 0:00:00]} Ne4 {[%emt 0:05:48]} 37. c5 {[%emt 0:00:00]} Kf6 {[%emt 0:05:21]} 38. a4 {[%emt 0:00:00]} Ke5 {[%emt 0:02:01]} 39. d6 {[%emt 0:00:00]} cxd6 {[%emt 0:01:02]} 40. c6 {[%emt 0:00:00]} bxc6+ {[%emt 0:00:09]} 41. Kxc6 {[%emt 0:00:00]} Nc5 {[%emt 0:06:14]} 42. a5 {[%emt 0:00:00]} Na6 {[%emt 0:00:40]} 43. Kb6 {[%emt 0:00:00]} Nb4 {[%emt 0:02:15]} 44. a6 {[%emt 0:00:00]} Nxa6 {[%emt 0:01:02]} 45. Kxa6 {[%emt 0:00:00]} d5 {[%emt 0:00:27]} 46. b4 {[%emt 0:00:00]} d4 {[%emt 0:00:18]} 47. b5 {[%emt 0:00:00]} d3 {[%emt 0:00:06]} 48. b6 {[%emt 0:00:00]} d2 {[%emt 0:00:02]} 49. b7 {[%emt 0:00:00]} d1=Q {[%emt 0:00:06]} 50. b8=Q+ {[%emt 0:00:00]} Qd6+ {[%emt 0:02:34]} 1/2-1/2

[Event "Irish New Year-IM 2022"]
[Site "Dublin"]
[Date "2022.01.04"]
[Round "5.6"]
[White "O`Donnell, Conor"]
[Black "Baker, Chris W"]
[Result "1/2-1/2"]
[WhiteElo "2310"]
[BlackElo "2227"]
[Annotator "TA"]
[PlyCount "48"]
[EventDate "2022.01.02"]
[EventType "tourn"]
[EventCountry "IRL"]
[SourceTitle "playchess.com"]
[Source "ChessBase"]
[SourceQuality "1"]

{[%evp 12,48,60,50,51,53,70,79,81,69,71,68,142,17,5,0,87,80,78,75,91,15,8,10,13,10,14,20,11,0,0,0,0,0,0,0,0,0,0]} 1. d4 d5 2. c4 dxc4 3. e4 {[%cal Be2e4,Be4e5][%mdl 32]} Nf6 {[%cal Bg8f6,Bf6d5,Bd5b6,Bb6d7,Bd7c5][%mdl 32]} 4. e5 Nd5 5. Bxc4 e6 6. Nc3 Nb6 7. Bd3 c5 {A18: English Opening: Flohr-Mikenas System (1 c4 Nf6 2 Nc3 e6 3 e4).} 8. dxc5 N6d7 {[#]} 9. Nf3 $146 {White is much more active.} ({Predecessor:} 9. Bb5 Nc6 10. Nf3 Bxc5 11. O-O Qb6 12. Qe2 a6 13. Bd3 Nd4 14. Nxd4 Bxd4 15. Bf4 Bxc3 16. bxc3 {1-0 (44) Obrusnik,M (2255)-Malec,S (2159) Warsaw 2011}) 9... Nxc5 {White is better.} 10. Bb5+ Bd7 11. O-O a6 {[#]} (11... Be7 $14) 12. Bxd7+ ({Don't play} 12. Bg5 Be7 13. Bxe7 Qxe7 $16) (12. Be2 $1 $16 {Strongly threatening b4.} Qb6 13. Qc2) 12... Qxd7 $11 13. Qe2 Nc6 (13... Qd3 $1 $11) 14. Rd1 $16 Qc7 {[#]} 15. Be3 $1 Be7 16. Rac1 (16. Bxc5 $16 Bxc5 17. Ne4) 16... O-O $11 {[#] The position is equal.} 17. Nd5 $1 exd5 18. Bxc5 Bxc5 19. Rxc5 d4 $1 20. Qc2 Qe7 $1 ({Resist} 20... Qd8 21. Qb3 $14) 21. Nxd4 Rad8 22. Nb3 Nb4 23. Qb1 Rxd1+ 24. Qxd1 Rd8 {Weighted Error Value: White=0.18 (very precise) /Black=0.16 (very precise)} 1/2-1/2

[Event "Irish New Year-IM 2022"]
[Site "Dublin"]
[Date "2022.01.04"]
[Round "5.7"]
[White "Wall, Tim P"]
[Black "Wafa, Shrook"]
[Result "1-0"]
[WhiteElo "2256"]
[BlackElo "2173"]
[Annotator "TA"]
[PlyCount "53"]
[EventDate "2022.01.02"]
[EventType "tourn"]
[EventCountry "IRL"]
[SourceTitle "playchess.com"]
[Source "ChessBase"]
[SourceQuality "1"]

{[%evp 12,53,35,35,43,20,20,24,9,9,16,21,10,0,33,33,27,24,46,68,73,18,20,0,11,18,62,71,53,50,243,263,751,732,735,731,1145,1142,29988,29989,29989,29990,29990,29988]} 1. d4 d5 2. Bg5 Nd7 3. c4 c6 4. cxd5 cxd5 5. Nc3 Ngf6 6. e3 e6 7. Bd3 Bd6 {D51: Queen's Gambit Declined: 4 Bg5 Nbd7 sidelines.} 8. Qc2 h6 9. Bh4 O-O {[#] White has an edge.} 10. f4 $146 ({Predecessor:} 10. Nge2 a6 11. f3 b5 12. O-O Bb7 13. Kh1 Rc8 14. a3 e5 15. Bf5 Rc7 16. Rad1 {0-1 (55) Saldano Dayer,H (2429)-Ghosh,C (2061) Chess.com INT 2021}) 10... a6 11. Nf3 {[%cal Og2g4]} b5 12. a3 b4 13. axb4 Bxb4 14. Ne5 Qb6 15. O-O {[%cal Bh1f1,Bf1f5,Bf5e5,Be5h5,Bh5h6,Bh6f6][%mdl 32]} Bb7 16. Qe2 {White is much more active. Black has bad knights.} (16. Na4 $16 Qd6 17. Bxf6 Nxf6 18. g4 (18. Nc5 Qe7 $14)) 16... a5 $1 $11 17. f5 exf5 18. Rxf5 {[#] Raf1 is the strong threat.} Nxe5 (18... Bxc3 $11 19. bxc3 Qe6) 19. Rxe5 $14 Bxc3 20. bxc3 {Strongly threatening Rb1.} Rfe8 $2 {Black cannot hold the game after this.} (20... Nd7 $14 21. Re7 Qd6) 21. Rb1 $18 Qc7 (21... Qc6) 22. Bxf6 {[#] Qg4 would kill now.} gxf6 23. Rh5 a4 24. Rxh6 {Hoping for Qh5.} a3 25. Qh5 {White mates.} Kf8 26. Rxf6 a2 27. Rbf1 {Weighted Error Value: White=0.10 (very precise) /Black=0.72} 1-0